Applications of artificial intelligence techniques in the petroleum industry (Record no. 27363)

MARC details
000 -LEADER
fixed length control field 00605nam a2200181Ia 4500
020 ## - INTERNATIONAL STANDARD BOOK NUMBER
ISBN 9780128186800
050 ## - CALL MARK
Classification number TA347.A78 H46/
100 ## - STATEMENT OF RESPONSIBILITY--MAIN AUTHOR NAME
Personal name Hemmati-Sarapardeh, Abdolhossein
245 #0 - TITLE STATEMENT
Title Applications of artificial intelligence techniques in the petroleum industry
260 ## - PUBLICATION, DISTRIBUTION, ETC. (IMPRINT)
Place of publication Cambridge, MA, United States
260 ## - PUBLICATION, DISTRIBUTION, ETC. (IMPRINT)
Name of publisher Gulf Professional Publishing
260 ## - PUBLICATION, DISTRIBUTION, ETC. (IMPRINT)
Year of publication 2023
300 ## - PHYSICAL DESCRIPTION
Number of Pages 312 p
650 ## - SUBJECT ADDED ENTRY--TOPICAL TERM
Topical Term Artificial intelligence--Industrial applications. Petroleum industry and trade--Data processing.
942 ## - ADDED ENTRY ELEMENTS (KOHA)
Koha item type Books
Holdings
Withdrawn status Lost status Source of classification or shelving scheme Damaged status Not for loan Permanent Location Current Location Date acquired Accession Number Price effective from Koha item type
    Library of Congress Classification     NILE UNIVERSITY OF NIGERIA - MAIN LIBRARY NILE UNIVERSITY OF NIGERIA - MAIN LIBRARY 04/23/2025 0196043 04/23/2025 Books